| 000 | 00532 a2200133 4500 | ||
|---|---|---|---|
| 082 | _aBIT-4 | ||
| 100 |
_a Omar Amjad _992800 |
||
| 245 |
_aCustomer Relationship Management Application (EMS-Lite) [Project BIT4] _c Omar Amjad |
||
| 260 |
_a Isalamabad, _b NUST School of Electrical Engineering & Computer Science, _c 2006. |
||
| 300 |
_ax, 86 p. _b: ill. _c; 27 cm. + _eCD-ROM |
||
| 500 | _aSupervisors : Mr. Aatif Kamal, Mr. Mansoor Shaukat. | ||
| 856 | _uhttp://10.250.8.41:8080/xmlui/handle/123456789/13082 | ||
| 942 |
_cPR _kBIT-4 OMA _2ddc |
||
| 999 |
_c9372 _d9372 |
||